000 00610nam a2200241Ia 4500
003 OSt
005 20221007071505.0
006 a|||||r|||| 00| 0
007 ta
008 221006b |||||||| |||| 00| 0 eng d
024 _a25,091
037 _cTextual
040 _aFLL
_cFLL
_beng
041 _2eng
_aeng
082 _aZ3,9298, K4;K8
100 _aFoulkes David
245 0 _aAdministrative law
250 _a2nd
260 _aLondon
_bButterworths UK
_c1968
300 _axviii,219p
_ccm.
942 _hZ3,9298, K4;K8
_cTEXL
_2CC
999 _c1143488
_d1143488